000 00491nam a2200181Ia 4500
005 20250326124356.0
008 250326s9999 xx 000 0 und d
037 _aTextbook
040 _aFMSL
_beng
_cFMSL
041 _aeng
_2eng
084 _aX:77p44N69 L0
_qFMSL
100 _aI EC
_9737306
245 0 _aBalanced regional development
_cI EC
260 _aBombay
_bBombay, Popular
_c1970
300 _a123p
942 _cTB
_hX:77p44N69 L0
999 _c1273478
_d1273478